ՀՀ Գիտությունների ազգային ակադեմիայի հիմնարար գիտական գրադարան  =   Fundamental Scientific Library of NAS RA

Новгородские писцовые книги. (Record no. 367030)

MARC details
000 -LEADER
fixed length control field 00898nam a2200193 a 4500
001 - CONTROL NUMBER
control field 001144836
003 - CONTROL NUMBER IDENTIFIER
control field AM-YeHGA
005 - DATE AND TIME OF LATEST TRANSACTION
control field 20250617152232.0
008 - FIXED-LENGTH DATA ELEMENTS--GENERAL INFORMATION
fixed length control field 160428s1868 ||| r 000 0 rus d
040 ## - CATALOGING SOURCE
Original cataloging agency AM-YeHGA
041 0# - LANGUAGE CODE
Language code of text/sound track or separate title rus
090 ## - LOCALLY ASSIGNED LC-TYPE CALL NUMBER (OCLC); LOCAL CALL NUMBER (RLIN)
-- 368898
245 00 - TITLE STATEMENT
Title Новгородские писцовые книги.
260 ## - PUBLICATION, DISTRIBUTION, ETC.
Place of publication, distribution, etc. Санкт-Петербург :
Name of publisher, distributor, etc. Археогр. комиссия,
Date of publication, distribution, etc. 1868.
300 ## - PHYSICAL DESCRIPTION
Extent том.
505 10 - FORMATTED CONTENTS NOTE
Miscellaneous information Т. 3 (1868; 959 с.) :
Title Переписная оброчная книга Вотской пятины, 1500 года. Первая половина;
Miscellaneous information Т. 5 (1905; 695 с.) :
Title Книги Шелонской пятины;
Miscellaneous information Т. 6 (1910; 1074 с.) :
Title Книги Бежецкой пятины
653 0# - INDEX TERM--UNCONTROLLED
Uncontrolled term Писцовые книги, 16 в. - Новгород
653 0# - INDEX TERM--UNCONTROLLED
Uncontrolled term Новгород - Источники и источниковедение
Holdings
Withdrawn status Lost status Damaged status Not for loan Collection Home library Current library Date acquired Serial enumeration / chronology Total checkouts Full call number Barcode Date last seen Price effective from Koha item type Public note
        General Fundamental Scientific Library Fundamental Scientific Library 11/01/2017 Т. 3   PIII/49851 FL0397203 11/01/2017 11/01/2017 Գրքեր / Books 30 Days Loan
        General Fundamental Scientific Library Fundamental Scientific Library 11/01/2017 Т. 5   PIII/49852 FL0397204 11/01/2017 11/01/2017 Գրքեր / Books 30 Days Loan
        General Fundamental Scientific Library Fundamental Scientific Library 11/01/2017 Т. 6   PIII/49853 FL0397205 11/01/2017 11/01/2017 Գրքեր / Books 30 Days Loan


ՀՀ ԳԱԱ հիմնարար գիտական գրադարան
ՀՀ,Երևան 0019
Մարշալ Բաղրամյան 24/6
հեռախոս:(374-10) 52-47-50
Հետադարձ կապ

All site content, except where otherwise noted, is licensed under a
Creative Commons License